The development of British industry and foreign competition, 1875-1914 : (Record no. 200023)

MARC details
000 -LEADER
fixed length control field 01252nam a2200325 a 4500
001 - CONTROL NUMBER
control field vtls000195516
003 - CONTROL NUMBER IDENTIFIER
control field NLI
005 - DATE AND TIME OF LATEST TRANSACTION
control field 20210602113026.0
008 - FIXED-LENGTH DATA ELEMENTS--GENERAL INFORMATION
fixed length control field 101125s1968 enka 001 0 eng
020 ## - INTERNATIONAL STANDARD BOOK NUMBER
Terms of availability PND 3.25
039 #9 - LEVEL OF BIBLIOGRAPHIC CONTROL AND CODING DETAIL [OBSOLETE]
-- 201011252319
-- VLOAD
040 0# - CATALOGING SOURCE
Original cataloging agency NLI
Language of cataloging eng
Transcribing agency Datasoft 1
Description conventions AACR2
041 0# - LANGUAGE CODE
Language code of text/sound track or separate title eng
044 ## - COUNTRY OF PUBLISHING/PRODUCING ENTITY CODE
MARC country code enk
082 04 - DEWEY DECIMAL CLASSIFICATION NUMBER
Classification number 338.0942
245 04 - TITLE STATEMENT
Title The development of British industry and foreign competition, 1875-1914 :
Remainder of title studies in industrial enterprise /
Statement of responsibility, etc. edited by Derek H. Aldcroft
260 ## - PUBLICATION, DISTRIBUTION, ETC.
Place of publication, distribution, etc. London :
Name of publisher, distributor, etc. Allen & Unwin,
Date of publication, distribution, etc. 1968
300 ## - PHYSICAL DESCRIPTION
Extent 3-384 p. :
Other physical details ill. ;
Dimensions 23 cm.
440 #0 - SERIES STATEMENT/ADDED ENTRY--TITLE
Title University of Glasgow social and economic studies ;
Volume/sequential designation new ser. ;
-- 12
9 (RLIN) 176342
504 ## - BIBLIOGRAPHY, ETC. NOTE
Bibliography, etc. note Includes bibliographical references and index
650 #0 - SUBJECT ADDED ENTRY--TOPICAL TERM
Topical term or geographic name entry element Industries
Geographic subdivision Great Britain
General subdivision History
Chronological subdivision 19th century
9 (RLIN) 322262
650 #0 - SUBJECT ADDED ENTRY--TOPICAL TERM
Topical term or geographic name entry element Industries
Geographic subdivision Great Britain
General subdivision History
Chronological subdivision 20th century
9 (RLIN) 364434
700 1# - ADDED ENTRY--PERSONAL NAME
Personal name Aldcroft, Derek H.
Fuller form of name (Derek Howard),
Relationship edt
9 (RLIN) 217776
887 ## - NON-MARC INFORMATION FIELD
Content of non-MARC field
901 ## - LOCAL DATA ELEMENT A, LDA (RLIN)
a 404138
b 14.02.1972
902 ## - LOCAL DATA ELEMENT B, LDB (RLIN)
a E 338.0942 Al 21
942 ## - ADDED ENTRY ELEMENTS (KOHA)
Source of classification or shelving scheme Dewey Decimal Classification
Koha item type Books
949 ## - LOCAL PROCESSING INFORMATION (OCLC)
-- VIRTUAITEM
-- 10000
-- 100
6 PUR000404138ENG
Holdings
Withdrawn status Lost status Damaged status Not for loan Collection code Home library Current library Shelving location Date acquired Total Checkouts Full call number Barcode Date last seen Price effective from Koha item type
        New English National Library of India National Library of India New English - Main Stack Division     E 338.0942 Al 21 PUR000404138ENG 02/06/2021 02/06/2021 Books
                                                                           
web counter

Copyright ©2020 The National Library of India, Govt. of India ↔ Hosted by NVLI, MOC ↔ Technology and Design by National Library of India, Ministry of Culture, Govt. of India